[Event "Chess Classic GM"]
[Site "Gausdal NOR"]
[Date "2007.04.19"]
[Round "2"]
[White "Dreev,A"]
[Black "Krush,I"]
[Result "0-1"]
[WhiteElo "2633"]
[BlackElo "2464"]

1.d4 d5 2.Nf3 Nf6 3.c4 dxc4 4.Qa4+ Nc6 5.Nc3 Nd5 6.e4 Nb6 7.Qd1 Bg4 8.d5 Ne5
9.Bf4 Ng6 10.Bg3 e5 11.dxe6 Qxd1+ 12.Rxd1 fxe6 13.Be2 Bd6 14.Nb5 Bxg3 15.hxg3 Ke7
16.Nxc7 Rac8 17.Nb5 Bxf3 18.gxf3 Ne5 19.Rh5 Rc5 20.f4 Nd3+ 21.Kd2 Nxf2 22.Rxc5 Nxe4+
23.Kc2 Nxc5 24.Bf3 a6 25.Nc3 Rd8 26.Rg1 Rd3 27.Be2 Rd4 28.Re1 Kf6 29.Bf3 h6
30.Nd1 Nd3 31.Re2 Na4 32.a3 b5 33.Ne3 Nac5 34.Bg2 h5 35.Kc3 Rd6 36.Nxc4 Na4+
37.Kb3  0-1

[Event "Chess Classic GM"]
[Site "Gausdal NOR"]
[Date "2007.04.20"]
[Round "3"]
[White "Krasenkow,M"]
[Black "Dreev,A"]
[Result "1/2-1/2"]
[WhiteElo "2661"]
[BlackElo "2633"]

1.Nf3 d5 2.d4 Nf6 3.c4 c6 4.Nc3 e6 5.e3 Nbd7 6.Qc2 Bd6 7.g4 Nxg4 8.Rg1 Qf6
9.Rxg4 Qxf3 10.Rxg7 Nf6 11.Rg5 Ne4 12.Nxe4 Qxe4 13.Qxe4 dxe4 14.Rh5 f6 15.Bg2 f5
16.f3 exf3 17.Bxf3 Bd7 18.Bd2 O-O-O 19.Bc3 Be8 20.Rh3 Rg8 21.Kf2 Bg6 22.Rg1 f4
23.exf4 Rgf8 24.Ke2 Rxf4 25.Bg4 Rdf8 26.Bxe6+ Kd8 27.Rg2 Re8 28.Re3 c5 29.dxc5 Bxc5
30.Re5 Bd6 31.Re3 Bc5 32.Re5 Bd6 33.Re3  1/2-1/2

[Event "Chess Classic GM"]
[Site "Gausdal NOR"]
[Date "2007.04.23"]
[Round "6"]
[White "Dreev,A"]
[Black "Moskow,E"]
[Result "1-0"]
[WhiteElo "2633"]
[BlackElo "2260"]

1.d4 Nf6 2.c4 e6 3.Nf3 c5 4.d5 exd5 5.cxd5 g6 6.Nc3 d6 7.e4 a6 8.h3 b5 9.Bd3 Bg7
10.O-O O-O 11.Bf4 Re8 12.Re1 Ra7 13.a3 Rae7 14.Rc1 h6 15.b4 c4 16.Bb1 g5
17.Be3 g4 18.hxg4 Bxg4 19.Qd2 Bxf3 20.gxf3 Nbd7 21.Kg2 Ne5 22.Rh1 Qd7 23.Rcg1 h5
24.Ne2 Ng6 25.Kf1 c3 26.Nxc3 Qc8 27.Ne2 Qc4 28.Ba2 Qc8 29.Nd4 Rc7 30.Nc6 Kh7
31.Bd4 Bh6 32.Bxf6  1-0

[Event "Chess Classic GM"]
[Site "Gausdal NOR"]
[Date "2007.04.25"]
[Round "8"]
[White "Lie,K"]
[Black "Dreev,A"]
[Result "1-0"]
[WhiteElo "2529"]
[BlackElo "2633"]

1.e4 c5 2.Nf3 Nc6 3.d4 cxd4 4.Nxd4 Nf6 5.Nc3 d6 6.Bg5 Bd7 7.Be2 e6 8.Ndb5 Qb8
9.a4 Be7 10.Qd2 a6 11.Na3 Qc7 12.Rd1 Na5 13.Bf4 Qb6 14.Bxd6 Bxd6 15.Qxd6 Qxb2
16.Rd3 O-O-O 17.Nd1 Qa1 18.Rc3+ Bc6 19.Qe5 Nb3 20.Nc4 Nd7 21.Qg3 Nbc5 22.Nd6+ Kb8
23.Nxf7+ Ka8 24.Nxd8 Nxe4 25.Qe3 Rxd8 26.Rxc6 Ndf6 27.Rc4 Nd6 28.Qb6 Rd7
29.Qb2 Qxb2 30.Nxb2 Nxc4 31.Nxc4 Ka7 32.Bd3  1-0

[Event "Chess Classic GM"]
[Site "Gausdal NOR"]
[Date "2007.04.26"]
[Round "9"]
[White "Dreev,A"]
[Black "Rozentalis,E"]
[Result "1/2-1/2"]
[WhiteElo "2633"]
[BlackElo "2578"]

1.d4 Nf6 2.c4 e6 3.Nf3 Bb4+ 4.Bd2 c5 5.Bxb4 cxb4 6.e3 O-O 7.Be2 d6 8.O-O Qe7
9.Ne1 e5 10.a3 exd4 11.exd4 bxa3 12.Rxa3 Nc6 13.Nc2 Bf5 14.Bd3 Bg6 15.Nc3 a6
16.Ne3 Nb4 17.Bxg6 fxg6 18.Ra1 a5 19.Nc2 Qc7 20.b3 d5 21.Nxb4 axb4 22.Nxd5 Nxd5
23.Rxa8 Rxa8 24.cxd5 Qd6 25.Qf3 Rd8 26.Qe4 Qxd5 27.Rc1 Kf7 28.Rc7+ Kf6 29.Qxd5 Rxd5
30.Rxb7 Rxd4 31.Kf1 Rd2 32.Rxb4 g5 33.Rb6+ Kf5 34.Rb7 Kf6 35.h3 h5 36.Rb6+ Kf5
37.Rb5+ Kf6 38.g3 h4 39.Kg2 hxg3 40.Kxg3 Rd3+ 41.Kg2 Rc3 42.Rb8 Kg6 43.b4 Rb3
44.b5 Kf6 45.b6 Kf7 46.Kf1 Rxh3 47.Rc8 Rb3 48.Rc7+ Kf6 49.b7 g6 50.Ke2 Ke5
51.Rg7 Kf6 52.Rh7 Ke5 53.Kd2 Kd5 54.Kc2 Rb6 55.Rg7 Ke5 56.Kc3 Kd5  1/2-1/2

[Event "TCh-ESP Honor Gp1"]
[Site "Lugo ESP"]
[Date "2007.06.20"]
[Round "1"]
[White "Socko,B"]
[Black "Dreev,A"]
[Result "1/2-1/2"]
[WhiteElo "2641"]
[BlackElo "2633"]

1.e4 c5 2.Nf3 Nc6 3.d4 cxd4 4.Nxd4 Nf6 5.Nc3 d6 6.Bg5 Bd7 7.Qd2 Rc8 8.O-O-O Nxd4
9.Qxd4 Qa5 10.f4 h6 11.Bh4 g5 12.e5 gxh4 13.exf6 e6 14.Be2 Rg8 15.Bf3 Bc6
16.Rhe1 Bxf3 17.gxf3 Rg2 18.Rd2 h3 19.Ree2 Qc5 20.Qa4+ Rc6 21.Rxg2 hxg2 22.Rxg2 Qe3+
23.Rd2 d5 24.Nd1 Qxf3 25.Qxa7 Bd6 26.Qxb7 Rc7 27.Qa8+ Kd7 28.Qa4+ Kd8 29.Rf2 Qg4
30.c3 Bc5 31.Rd2 Bd6 32.Rd4 Bc5 33.Qa8+ Kd7 34.Qa4+ Kd8 35.Rd3 Bd6 36.Rd4 Bc5
37.Rd2 Bd6  1/2-1/2

[Event "XXII Rapid"]
[Site "Villarrobledo ESP"]
[Date "2007.08.05"]
[Round "9"]
[White "Dreev,A"]
[Black "Malakhov,V"]
[Result "1-0"]
[WhiteElo "2606"]
[BlackElo "2676"]

1.d4 Nf6 2.c4 e6 3.Nf3 c5 4.d5 exd5 5.cxd5 d6 6.Nc3 a6 7.a4 g6 8.h3 Bg7 9.e4 O-O
10.Bd3 Re8 11.O-O Nbd7 12.Re1 Qc7 13.Bf4 Nh5 14.Bh2 Ne5 15.Be2 Nxf3+ 16.Bxf3 Nf6
17.e5 dxe5 18.d6 Qb6 19.Bxe5 Be6 20.a5 Qa7 21.Qa4 Red8 22.Qh4 Ne8 23.Bxg7 Kxg7
24.Rxe6 fxe6 25.Qe7+ Kg8 26.Qxe6+ Kh8 27.Nd5 Ng7 28.Qe5 Re8 29.Qc3 Rad8 30.Nc7 Rg8
31.Bd5 Rxd6 32.Bxg8 Kxg8 33.Re1 Qb8 34.Re7 Rd1+ 35.Kh2 Qf8 36.Qe5 Rd4 37.Nd5 Kh8
38.Rxb7 Rxd5 39.Qxd5 Qf4+ 40.g3 Qxf2+ 41.Qg2 Qe3 42.Rb8+ Ne8 43.Qc2 Qe7 44.Qc3+ Kg8
45.Qc4+ Kg7 46.Qxa6 Nd6 47.Qd3 c4 48.Qd4+ Kf7 49.Qf2+ Kg7 50.a6 Ne4 51.Qd4+ Kh6
52.Qe3+ g5 53.Rb6+  1-0

[Event "61st Open ch-Moscow Blitz"]
[Site "Moscow RUS"]
[Date "2007.08.26"]
[Round "?"]
[White "Grischuk,A"]
[Black "Dreev,A"]
[Result "1-0"]
[WhiteElo "2726"]
[BlackElo "2606"]

1.c4 c6 2.e4 d5 3.exd5 cxd5 4.d4 Nf6 5.Nc3 Nc6 6.Bg5 dxc4 7.Bxc4 e6 8.Nf3 Be7
9.O-O O-O 10.Rc1 a6 11.Bd3 Nb4 12.Bb1 b5 13.a3 Nbd5 14.Nxd5 Nxd5 15.Bxe7 Qxe7
16.Be4 Bb7 17.Ne5 Nf6 18.Bxb7 Qxb7 19.Rc5 Rfd8 20.Nc6 Rd5 21.Qc2 Rxc5 22.Qxc5 Ne4
23.Qc2 Nf6 24.Rc1 Qd7 25.Qc5 h6 26.Ne5 Qd5 27.Qxd5 Nxd5 28.g3 a5 29.Rc5 b4
30.a4 b3 31.Rb5 Rc8 32.Rxb3 f6 33.Nd3 Rc2 34.Nc5 e5 35.Nb7 exd4 36.Nxa5 Rc1+
37.Kg2 Rd1 38.Rb5 Ne7 39.Nc4 d3 40.Rb7 Nd5 41.a5 d2 42.Nxd2 Rxd2 43.a6 Ne3+
44.Kf3 Nd1 45.a7 Rxf2+ 46.Ke4 f5+ 47.Kd3 Rxh2 48.a8=Q+ Kh7 49.Qf8 Nf2+ 50.Kc4 Rh4+  1-0

[Event "60th ch-RUS Higher League"]
[Site "Krasnoyarsk RUS"]
[Date "2007.09.06"]
[Round "4"]
[White "Novikov,St"]
[Black "Dreev,A"]
[Result "0-1"]
[WhiteElo "2562"]
[BlackElo "2606"]

1.e4 c5 2.Nf3 Nc6 3.d4 cxd4 4.Nxd4 Nf6 5.Nc3 d6 6.Bc4 e6 7.Be3 Be7 8.Qe2 a6
9.O-O-O O-O 10.Bb3 Nd7 11.f4 Nc5 12.Nxc6 Nxb3+ 13.cxb3 bxc6 14.e5 d5 15.Qf2 f6
16.Bd4 Qc7 17.exf6 Bxf6 18.Bxf6 Rxf6 19.g3 e5 20.Qc5 Be6 21.fxe5 Qxe5 22.Rhe1 Qg5+
23.Kb1 Bg4 24.Rd4 Raf8 25.a4 Qg6+ 26.Ka2 Rf2 27.h4 h5 28.a5 Rc2 29.Rf4 Rxf4
30.gxf4 Kh7 31.Qd4 Rh2 32.Re7 Bf5 33.Qe5 Rh1 34.Ra7 Bd3 35.f5 Qg1  0-1

[Event "60th ch-RUS Higher League"]
[Site "Krasnoyarsk RUS"]
[Date "2007.09.10"]
[Round "7"]
[White "Malakhov,V"]
[Black "Dreev,A"]
[Result "1/2-1/2"]
[WhiteElo "2676"]
[BlackElo "2606"]

1.d4 d5 2.c4 c6 3.Nc3 Nf6 4.e3 e6 5.Nf3 Nbd7 6.Qc2 Bd6 7.Bd3 O-O 8.O-O dxc4
9.Bxc4 a6 10.Rd1 b5 11.Be2 Qc7 12.Ne4 Nxe4 13.Qxe4 e5 14.Qh4 Re8 15.Bd3 h6
16.Bd2 Be7 17.Qg3 Bd6 18.Qh4 Be7 19.Qg3  1/2-1/2

[Event "60th ch-RUS Higher League"]
[Site "Krasnoyarsk RUS"]
[Date "2007.09.12"]
[Round "9"]
[White "Zvjaginsev,V"]
[Black "Dreev,A"]
[Result "1/2-1/2"]
[WhiteElo "2658"]
[BlackElo "2606"]

1.e4 c5 2.Nc3 Nc6 3.g3 g6 4.Bg2 Bg7 5.d3 Rb8 6.Nf3 d6 7.h3 Nf6 8.O-O O-O
9.a4 a6 10.Be3 b5 11.axb5 axb5 12.Qd2 b4 13.Nd1 Bb7 14.Bh6 Ra8 15.Bxg7 Kxg7
16.Ne3 Rxa1 17.Rxa1 Qc7 18.c3 Ra8 19.Rxa8 Bxa8 20.Nd5  1/2-1/2

[Event "Cup Russia"]
[Site "Serpukhov RUS"]
[Date "2007.11.07"]
[Round "2.1"]
[White "Zabotin,A"]
[Black "Dreev,A"]
[Result "1-0"]
[WhiteElo "2480"]
[BlackElo "2607"]

1.d4 d5 2.c4 c6 3.Nc3 Nf6 4.e3 e6 5.Nf3 Nbd7 6.Qc2 Bd6 7.Be2 O-O 8.O-O dxc4
9.Bxc4 a6 10.Rd1 b5 11.Be2 Qc7 12.e4 e5 13.g3 Re8 14.a3 exd4 15.Nxd4 Be5
16.f4 Bxd4+ 17.Rxd4 c5 18.Rd1 b4 19.Nd5 Nxd5 20.exd5 b3  1-0

[Event "Cup Russia"]
[Site "Serpukhov RUS"]
[Date "2007.11.08"]
[Round "2.2"]
[White "Dreev,A"]
[Black "Zabotin,A"]
[Result "1/2-1/2"]
[WhiteElo "2607"]
[BlackElo "2480"]

1.d4 Nf6 2.c4 g6 3.Nc3 d5 4.cxd5 Nxd5 5.Bd2 Bg7 6.e4 Nb6 7.Be3 O-O 8.Bb5 a6
9.Be2 f5 10.Qb3+ e6 11.exf5 gxf5 12.Rd1 f4 13.Bc1 Nc6 14.Nf3 Nxd4 15.Nxd4 Bxd4
16.O-O c5 17.Bf3 Qc7 18.a4 Kh8 19.a5 Nd7 20.Qa3 Ne5 21.Ne2 Nxf3+ 22.Qxf3 e5
23.b4 Bd7 24.Nxd4 cxd4 25.Bb2 Bc6 26.Qh5 Qg7 27.f3 Rg8 28.Rd2 Qf6 29.Re1 Rg5
30.Qh3  1/2-1/2

[Event "World Blitz"]
[Site "Moscow RUS"]
[Date "2007.11.21"]
[Round "1"]
[White "Dreev,A"]
[Black "Shirov,A"]
[Result "1/2-1/2"]
[WhiteElo "2607"]
[BlackElo "2739"]

1.d4 Nf6 2.c4 g6 3.Nc3 d5 4.cxd5 Nxd5 5.Bd2 Nb6 6.Bf4 Bg7 7.e3 O-O 8.Rc1 c5
9.dxc5 Bxc3+ 10.bxc3 Qxd1+ 11.Rxd1 N6d7 12.Bh6 Re8 13.Bb5 a6 14.Ba4 Nc6 15.Nf3 Nxc5
16.Bxc6 bxc6 17.Nd4 e5 18.Nb3 Nxb3 19.axb3 Be6 20.b4 a5  1/2-1/2

[Event "World Blitz"]
[Site "Moscow RUS"]
[Date "2007.11.21"]
[Round "4"]
[White "Dreev,A"]
[Black "Grischuk,A"]
[Result "0-1"]
[WhiteElo "2607"]
[BlackElo "2715"]

1.d4 Nf6 2.c4 e6 3.Nf3 b6 4.Nc3 Bb7 5.a3 d5 6.Qc2 dxc4 7.Bg5 c6 8.e4 b5 9.e5 h6
10.Bh4 g5 11.Nxg5 hxg5 12.Bxg5 Nbd7 13.exf6 Qa5 14.Bd2 Qb6 15.Be3 O-O-O 16.O-O-O Nxf6
17.d5 Bc5 18.Bxc5 Qxc5 19.dxe6 fxe6 20.Rxd8+ Rxd8 21.g3 Ng4 22.Ne4 Qd4 23.Bh3 Ne5
24.Ng5 Kb8 25.Nxe6 Nd3+ 26.Kb1 Qd5 27.Rd1 Rh8 28.Nf4 Qf7 29.Be6 Qf6 30.Qc3 Qxc3
31.bxc3 Nxf4 32.gxf4 Rxh2 33.Rd2 Rh4 34.f5 Rf4 35.Kc1 c5 36.Kd1 Bf3+ 37.Kc1 a5
38.Kb2 Kc7 39.Rd7+ Kc6 40.Rd8 Be4 41.Rd2 Bxf5 42.Bd5+ Kb6 43.Bg8 Bd3 44.Bd5 b4
45.f3 Rf5 46.Be4 Bxe4 47.fxe4 Rf3 48.axb4 cxb4 49.Rc2 Kc5 50.e5 Re3 51.cxb4+ axb4
52.Rf2 Rxe5 53.Kc2 b3+ 54.Kc3 Re3+ 55.Kd2 Rd3+ 56.Kc1 Kb4  0-1

[Event "World Blitz"]
[Site "Moscow RUS"]
[Date "2007.11.21"]
[Round "8"]
[White "Dreev,A"]
[Black "Kamsky,G"]
[Result "0-1"]
[WhiteElo "2607"]
[BlackElo "2714"]

1.d4 d5 2.c4 c6 3.Nf3 Nf6 4.e3 Bg4 5.Nc3 e6 6.h3 Bxf3 7.Qxf3 Nbd7 8.Bd2 Bb4
9.Qd1 O-O 10.Qb3 a5 11.a3 Bxc3 12.Bxc3 Ne4 13.Bd3 a4 14.Qc2 Nxc3 15.bxc3 h6
16.O-O dxc4 17.Bxc4 b5 18.Be2 Qa5 19.c4 Rfb8 20.cxb5 cxb5 21.Qc6 Ra7 22.Rfb1 b4
23.axb4 Rxb4 24.Qc8+ Kh7 25.Bd3+ g6 26.Rxb4 Qxb4 27.Rb1 Qa5 28.Rb7 Nf6 29.Rxa7 Qxa7
30.Qc5 Qxc5 31.dxc5 a3 32.Bc4 Kg7 33.c6 Ne8 34.Kf1 Kf8 35.Ke2 Ke7 36.Kd2 Kd6
37.Kc3 Kxc6 38.Kb3 Nd6 39.Bd3 Nb5 40.h4 Kc5 41.g3 g5 42.hxg5 hxg5 43.Bf1 g4
44.Bd3 f5 45.Bb1 Kd5 46.Bd3 Nd6 47.Kxa3 Ne4 48.Kb4 Nxf2  0-1

[Event "World Blitz"]
[Site "Moscow RUS"]
[Date "2007.11.21"]
[Round "9"]
[White "Kramnik,V"]
[Black "Dreev,A"]
[Result "0-1"]
[WhiteElo "2785"]
[BlackElo "2607"]

1.d4 d5 2.c4 c6 3.Nf3 Nf6 4.Nc3 e6 5.Bg5 Nbd7 6.e3 Qa5 7.cxd5 Nxd5 8.Qb3 Bb4
9.Rc1 c5 10.Bc4 O-O 11.O-O cxd4 12.exd4 Bxc3 13.bxc3 a6 14.Rfe1 b6 15.Bd2 b5
16.Bxd5 exd5 17.Qxd5 Nb6 18.Qh5 Nc4 19.Ng5 Bf5 20.Bf4 Qxa2 21.Qf3 Bg6 22.h4 h6
23.h5 hxg5 24.hxg6 gxf4 25.gxf7+ Kxf7 26.Qd5+ Kg6 27.Re6+ Kh7 28.Rce1 Qc2
29.R1e4 Qd1+ 30.Kh2 Qg4 31.Kg1 Rad8 32.Qc6 Rf5 33.Re1 Rdf8 34.f3 Qg3 35.Qe4 Ne3
36.Re2 Kg8 37.Re8 Kh7 38.d5 Qg6 39.Rxe3 Rxd5 40.Re1 Rd1  0-1

[Event "World Blitz"]
[Site "Moscow RUS"]
[Date "2007.11.21"]
[Round "10"]
[White "Dreev,A"]
[Black "Rublevsky,S"]
[Result "0-1"]
[WhiteElo "2607"]
[BlackElo "2676"]

1.d4 d5 2.Nf3 Nf6 3.Bf4 c5 4.e3 Qb6 5.Nc3 Bd7 6.Rb1 e6 7.Be2 Nc6 8.O-O cxd4
9.exd4 Be7 10.Na4 Qa5 11.b3 b5 12.Bd2 b4 13.a3 Ne4 14.axb4 Bxb4 15.Bf4 Ne7
16.Ra1 Bxa4 17.Rxa4 Qb6 18.Qd3 Nc3 19.Ra6 Qb7 20.Ne5 O-O 21.Bg4 Ng6 22.Nxg6 hxg6
23.h4 Ne4 24.Rfa1 Rfc8 25.c4 Bc3 26.R1a2 Qxb3 27.cxd5 Qxd5 28.Bf3 f5 29.Be5 Bb4
30.Rxa7 Rxa7 31.Rxa7 Rc1+ 32.Kh2 Qxe5+ 33.dxe5 Rh1+ 34.Kxh1 Nxf2+ 35.Kh2 Nxd3
36.Ra6 Kf7 37.Bd1 Bc3 38.Ra7+ Kf8 39.Bb3 Bxe5+ 40.g3 Nc5 41.Bc4 Bd6 42.Kg2 Be7
43.Kf3 Kf7 44.g4 Ne4 45.g5 Nd2+ 46.Ke2 Nxc4 47.Kf3 e5 48.Rc7 Nd6 49.Ra7 Ke6
50.Ra8 e4+ 51.Kf4 Nf7 52.Ra6+ Bd6+ 53.Ke3 Ne5 54.Ra8 Nf3 55.Rh8 Bg3 56.Rh7 Kf7  0-1

[Event "World Blitz"]
[Site "Moscow RUS"]
[Date "2007.11.21"]
[Round "11"]
[White "Bacrot,E"]
[Black "Dreev,A"]
[Result "1/2-1/2"]
[WhiteElo "2695"]
[BlackElo "2607"]

1.d4 d5 2.c4 c6 3.Nc3 Nf6 4.Nf3 e6 5.Bg5 Nbd7 6.e3 Qa5 7.Nd2 Bb4 8.Qc2 O-O
9.Be2 c5 10.O-O cxd4 11.Nb3 Qb6 12.Nxd4 dxc4 13.Bh4 Ne5 14.Bg3 Bxc3 15.bxc3 Qa5
16.Rab1 a6 17.Rfd1 h6 18.h3 Qc5 19.a4 Re8 20.Bxe5 Qxe5 21.Qa2 Nd5 22.Qxc4 Bd7
23.Rxb7 Rec8 24.Nf3 Qf6 25.Qd4 Bc6 26.Rb2 Nxc3 27.Qxf6 gxf6 28.Ra1 Bxa4 29.Bf1 a5
30.Nd2 Be8 31.Nc4 Rc5 32.Rb3 Nd5 33.Rba3 a4 34.e4 Nb4 35.Nb6 Ra7 36.Nc4 Nc2
37.Rg3+ Rg5 38.Rxg5+ hxg5 39.Ra2 a3 40.Nd6 Nb4 41.Rxa3 Rxa3 42.Nxe8 f5 43.Nd6 f4
44.Bc4 Ra7  1/2-1/2

[Event "World Blitz"]
[Site "Moscow RUS"]
[Date "2007.11.21"]
[Round "12"]
[White "Dreev,A"]
[Black "Ponomariov,R"]
[Result "1-0"]
[WhiteElo "2607"]
[BlackElo "2705"]

1.d4 Nf6 2.c4 g6 3.Nc3 d5 4.cxd5 Nxd5 5.Bd2 Nb6 6.Bf4 Bg7 7.e3 O-O 8.Rc1 c5
9.dxc5 Bxc3+ 10.bxc3 Qxd1+ 11.Rxd1 N6d7 12.Bb5 Nc6 13.Rd5 Nf6 14.Rd1 Ne4
15.Ne2 Nxc5 16.O-O Kg7 17.Nd4 e5 18.Bxc6 exf4 19.Bd5 fxe3 20.fxe3 Rb8 21.Rf4 Bd7
22.Rdf1 f6 23.Nb3 Na4 24.Rxa4 Bxa4 25.Nc5 Rfe8 26.Nxa4 Rxe3 27.Nc5 f5 28.c4 b6
29.Ne6+ Kf6 30.Nd4 Rbe8 31.g4 Re1 32.g5+ Kg7 33.Kf2 Rxf1+ 34.Kxf1 h6 35.Ne6+ Kh7
36.h4 hxg5 37.hxg5 Re7 38.Ke2 Kg8 39.Kd3 Rh7 40.Kd4 Rh2 41.Ke5 Rxa2 42.Kf6 a5
43.Nf4+ Kh7 44.Nxg6 Rg2 45.Bxg2  1-0

[Event "World Blitz"]
[Site "Moscow RUS"]
[Date "2007.11.22"]
[Round "21"]
[White "Dreev,A"]
[Black "Leko,P"]
[Result "1-0"]
[WhiteElo "2607"]
[BlackElo "2755"]

1.d4 Nf6 2.c4 e6 3.Nf3 b6 4.Nc3 Bb7 5.Bg5 h6 6.Bh4 Be7 7.e3 O-O 8.Qc2 d5
9.Bxf6 Bxf6 10.cxd5 exd5 11.O-O-O c5 12.dxc5 Nd7 13.Nxd5 Rc8 14.Kb1 Rxc5
15.Qf5 Bxd5 16.Rxd5 Rxd5 17.Qxd5 Qe7 18.Bd3 Qb4 19.Qb3 Qg4 20.Rg1 Nc5 21.Qc4 Qxc4
22.Bxc4 Rd8 23.Rc1 Ne4 24.Bb3 Nxf2 25.Rc7 a5 26.Rxf7 Kh8 27.Nd4 Ng4 28.Ne6 Rc8
29.e4 Nf2 30.Bd5 Nd3 31.Rf8+ Rxf8 32.Nxf8 g5 33.Kc2 Ne1+ 34.Kb3 Nxg2 35.e5 Bg7
36.Ng6+ Kh7 37.Be4 Ne3 38.e6 Ng4 39.Ne5+  1-0

[Event "World Blitz"]
[Site "Moscow RUS"]
[Date "2007.11.22"]
[Round "23"]
[White "Grischuk,A"]
[Black "Dreev,A"]
[Result "1/2-1/2"]
[WhiteElo "2715"]
[BlackElo "2607"]

1.d4 d5 2.c4 c6 3.Nc3 Nf6 4.Nf3 e6 5.e3 Nbd7 6.Bd3 Bd6 7.e4 dxe4 8.Nxe4 Nxe4
9.Bxe4 c5 10.O-O O-O 11.Bc2 Qc7 12.Qd3 g6 13.Bh6 Rd8 14.Rad1 b6 15.dxc5 Bxc5
16.Qc3 Bf8 17.Bxf8 Rxf8 18.Qd4 Re8 19.h4 e5 20.Qd5 Rb8 21.Ba4 Re7 22.Qd6 Qxd6
23.Rxd6 Nc5 24.Rd8+ Kg7 25.Bc6 Ne6 26.Rd6 Nf4 27.Re1 f6 28.g3 Ne6 29.Bd5 Nc7
30.Rd8 Nxd5 31.cxd5 Rd7 32.Re8 Kf7 33.Rh8 Kg7 34.Re8 Kf7 35.Rh8 Kg7 36.Re8 Kf7  1/2-1/2

[Event "World Blitz"]
[Site "Moscow RUS"]
[Date "2007.11.22"]
[Round "25"]
[White "Kasimdzhanov,R"]
[Black "Dreev,A"]
[Result "1/2-1/2"]
[WhiteElo "2690"]
[BlackElo "2607"]

1.e4 e5 2.Nf3 Nc6 3.Bb5 Nge7 4.O-O g6 5.d3 Bg7 6.c3 O-O 7.Re1 d6 8.Nbd2 h6
9.Nf1 f5 10.exf5 Nxf5 11.Ba4 g5 12.Ng3 Nxg3 13.hxg3 Kh8 14.Bb3 Bg4 15.Bd5 Ne7
16.Bxb7 Rb8 17.Ba6 Qe8 18.d4 exd4 19.cxd4 Qf7 20.Qc2 Bxf3 21.gxf3 Nf5 22.f4 Nxd4
23.Qd1 gxf4 24.Bxf4 Rxb2 25.Rc1 Qd5 26.Re3 c5 27.Bc4 Qf5 28.Bd3 Qh3 29.Bf1 Qf5
30.Bd3 Qh3 31.Bf1 Qf5 32.Bd3 Qh3 33.Bf1  1/2-1/2

[Event "World Blitz"]
[Site "Moscow RUS"]
[Date "2007.11.22"]
[Round "26"]
[White "Dreev,A"]
[Black "Savchenko,B"]
[Result "0-1"]
[WhiteElo "2607"]
[BlackElo "2583"]

1.d4 Nf6 2.c4 e6 3.Nf3 d5 4.Nc3 Nbd7 5.Bg5 h6 6.Bh4 dxc4 7.Qa4 a6 8.Qxc4 c5
9.dxc5 Bxc5 10.Rd1 b5 11.Qb3 Qb6 12.e3 Bb7 13.Be2 O-O 14.O-O Bd6 15.a4 Nc5
16.Qa2 Nd5 17.axb5 axb5 18.Qb1 b4 19.Nb5 Bb8 20.Nbd4 b3 21.Nd2 Ra4 22.Nc4 Qb4
23.f3 Ba6 24.Rc1 Nxe3 25.Be1 Qb7 26.Nxe3 Rxd4 27.Bc3 Rh4 28.g3 Ba7 29.Kg2  0-1

[Event "World Blitz"]
[Site "Moscow RUS"]
[Date "2007.11.22"]
[Round "27"]
[White "Kamsky,G"]
[Black "Dreev,A"]
[Result "0-1"]
[WhiteElo "2714"]
[BlackElo "2607"]

1.d4 d5 2.Nf3 Nf6 3.Bf4 g6 4.e3 Bg7 5.h3 O-O 6.Be2 c5 7.c3 b6 8.Nbd2 Nc6
9.O-O Bb7 10.a3 Ne4 11.Rc1 Rc8 12.b4 Nxd2 13.Qxd2 c4 14.a4 Qd7 15.Ra1 a5
16.b5 Nd8 17.Qb2 f6 18.Bh2 Nf7 19.Rad1 e6 20.Nd2 Nd6 21.Rfe1 Ne4 22.Nf1 Qe7
23.f3 Ng5 24.Nd2 e5 25.f4 exd4 26.exd4 Ne4 27.Nxe4 dxe4 28.f5 Bh6 29.Bg4 Rcd8
30.Qe2 Bd5 31.Rf1 Kg7 32.Bg3 Qa3 33.Qc2 Qb3 34.Qxb3 cxb3 35.Bc7 Rc8 36.Bxb6 Rxc3
37.Bxa5 Rc2 38.Bb4 Ra8 39.a5 Rc4 40.Bc5 Rxa5 41.b6 b2 42.Rb1 Ra2 43.Bd1 Rc1
44.Bb3 Ra1 45.Bxd5 Rxf1+ 46.Kxf1  0-1

[Event "World Blitz"]
[Site "Moscow RUS"]
[Date "2007.11.22"]
[Round "29"]
[White "Rublevsky,S"]
[Black "Dreev,A"]
[Result "1-0"]
[WhiteElo "2676"]
[BlackElo "2607"]

1.e4 c5 2.Nf3 Nc6 3.Bb5 d6 4.O-O Bd7 5.Re1 Nf6 6.c3 a6 7.Bf1 Bg4 8.d3 e6
9.Nbd2 Nd7 10.h3 Bh5 11.g4 Bg6 12.d4 cxd4 13.cxd4 Be7 14.d5 exd5 15.exd5 Nce5
16.Nd4 Bh4 17.f4 Bxe1 18.Qxe1 Qb6 19.Qf2 Rc8 20.fxe5 Nxe5 21.N2b3 O-O 22.Bf4 Rfe8
23.Re1 h6 24.Bxe5 Rxe5 25.Rxe5 dxe5 26.Nf5 Qxf2+ 27.Kxf2 Bxf5 28.gxf5 Rc2+
29.Ke3 Kf8 30.d6 Ke8 31.Ke4 Rf2 32.Bc4 b5 33.Bd3 Rh2 34.Kd5 Rxh3 35.Nc5 Rh1
36.Kc6 Rc1 37.b4 h5 38.d7+ Kd8 39.Kd6  1-0

[Event "World Blitz"]
[Site "Moscow RUS"]
[Date "2007.11.22"]
[Round "30"]
[White "Dreev,A"]
[Black "Bacrot,E"]
[Result "1-0"]
[WhiteElo "2607"]
[BlackElo "2695"]

1.d4 d5 2.c4 c6 3.Nf3 Nf6 4.e3 a6 5.Bd3 Bg4 6.Nbd2 Nbd7 7.O-O dxc4 8.Nxc4 e6
9.h3 Bh5 10.b3 Be7 11.Bb2 O-O 12.Qe2 c5 13.g4 Bg6 14.Bxg6 hxg6 15.Rfd1 cxd4
16.Nxd4 Rc8 17.Qf3 b5 18.Nc6 Rxc6 19.Qxc6 bxc4 20.Bxf6 Bxf6 21.Rxd7 Qb8 22.Rc1 cxb3
23.axb3 Qxb3 24.Qxa6 Bh4 25.Rdc7 Qb2 26.R1c2 Qf6 27.Kg2 Kh7 28.Rc8 Rxc8 29.Qxc8 Qe5
30.Qa8 Qf6 31.Qf3 Qe7 32.Rb2 f5 33.Rb7 Qf6 34.Rb8 g5 35.Qa8 Kg6 36.Rh8 Qb2
37.Qe8+ Kf6 38.Rf8+ Ke5 39.Rxf5+ Kd6 40.Qd8+ Kc6 41.Qc8+ Kb6 42.Qxe6+  1-0

[Event "World Blitz"]
[Site "Moscow RUS"]
[Date "2007.11.22"]
[Round "37"]
[White "Carlsen,M"]
[Black "Dreev,A"]
[Result "1/2-1/2"]
[WhiteElo "2714"]
[BlackElo "2607"]

1.e4 c6 2.d4 d5 3.exd5 cxd5 4.Nf3 Nc6 5.Ne5 e6 6.c3 Nxe5 7.dxe5 Ne7 8.Nd2 Nc6
9.Nf3 Qc7 10.Bf4 Be7 11.Bg3 Bd7 12.Bd3 g5 13.Qe2 h5 14.h4 g4 15.Nd2 a6 16.a4 Bf8
17.O-O Bg7 18.Rfe1 Qb6 19.b4 a5 20.b5 Ne7 21.c4 O-O 22.cxd5 exd5 23.Nb3 Rac8
24.Rad1 Nf5 25.Bxf5 Bxf5 26.Rxd5 Qe6 27.Qd2 b6 28.Re3 Rc2 29.Qd1 Rfc8 30.Kh2 Rb2
31.Rd8+ Kh7 32.Rxc8 Qxc8 33.Nd4 Qd7 34.Re1 Bg6 35.e6 Qxd4 36.Qxd4 Bxd4 37.e7 f6
38.e8=Q Bxe8 39.Rxe8 Rb4 40.Re6 Rxa4 41.Bc7 Bxf2 42.Bxb6 Bxb6 43.Rxb6 Kg7
44.Ra6 Ra3 45.b6 Kg6 46.b7 Rb3 47.Rxa5 Rxb7 48.g3 Rb2+ 49.Kg1 Rd2 50.Rb5 Re2
51.Ra5 Re5 52.Ra6 Kf5 53.Kf2 Rc5 54.Rb6 Ke5 55.Ra6 f5 56.Ra8 Rc2+ 57.Kf1 Ke4
58.Ra4+ Ke3 59.Rf4 Rc5 60.Kg1 Re5 61.Kg2 Kd3 62.Kg1 Re1+ 63.Kg2 Re2+ 64.Kg1 Re3
65.Kf2 Re5 66.Kg2 Ke3 67.Kg1 Rc5 68.Kg2 Rd5 69.Kg1  1/2-1/2

[Event "60th ch-RUS Superfinal"]
[Site "Moscow RUS"]
[Date "2007.12.20"]
[Round "3"]
[White "Dreev,A"]
[Black "Rychagov,A"]
[Result "1/2-1/2"]
[WhiteElo "2607"]
[BlackElo "2528"]

1.d4 Nf6 2.c4 e6 3.Nc3 d5 4.cxd5 exd5 5.Bg5 Be7 6.e3 O-O 7.Bd3 c6 8.Qc2 Nbd7
9.Nf3 Re8 10.h3 Nf8 11.Bf4 Ng6 12.Bh2 Bd6 13.Bxd6 Qxd6 14.O-O-O Be6 15.Kb1 Rac8
16.g4 b5 17.Rc1 a6 18.Ng5 Nf8 19.Ne2 h6 20.Nxe6 Nxe6 21.Bf5 g6 22.Bxe6 Rxe6
23.Nf4 Re7 24.h4 Nxg4 25.Rhg1 h5 26.Nxh5 gxh5 27.f3 Qg6 28.Qxg6+ fxg6 29.fxg4 hxg4
30.Rxg4 Kh7 31.Rg3 Re6 32.h5 gxh5 33.Rh1 Kh6 34.Rgh3  1/2-1/2

[Event "60th ch-RUS Superfinal"]
[Site "Moscow RUS"]
[Date "2007.12.22"]
[Round "4"]
[White "Dreev,A"]
[Black "Amonatov,F"]
[Result "0-1"]
[WhiteElo "2607"]
[BlackElo "2637"]

1.d4 Nf6 2.c4 g6 3.Nc3 Bg7 4.e4 d6 5.f3 O-O 6.Nge2 c5 7.d5 e6 8.Ng3 exd5
9.cxd5 a6 10.a4 h5 11.Bg5 Qb6 12.Qd2 Nh7 13.a5 Qc7 14.Bh6 h4 15.Bxg7 Kxg7
16.Na4 Nd7 17.Ne2 b5 18.axb6 Nxb6 19.Nf4 Nxa4 20.Rxa4 Bd7 21.Rxa6 Rxa6 22.Bxa6 Qa7
23.Be2 Qa1+ 24.Bd1 Rb8 25.Nd3 Bb5 26.Nc1 Nf6 27.Qc3 Ba6 28.Nb3 Qa2 29.Kd2 Rb4
30.Bc2 Bc4 31.Ra1 Rxb3 32.Qxf6+ Kxf6 33.Rxa2 h3 34.gxh3 Rxf3 35.Ra7 Bb3 36.Bd3 Rxh3
37.Bb5 Rxh2+ 38.Ke3 Rh3+ 39.Kd2 Ke5 40.Rxf7 Kxe4 41.Rf6 g5 42.Bc6 Rh2+ 43.Kc3 Rh3+
44.Kd2 Rd3+ 45.Ke2 Bd1+ 46.Ke1 Bg4 47.Rxd6 Ke3 48.Ba4 Rd4 49.Ra6 Rxd5 50.Bb3 Rd2
51.Ra4 Bf3 52.Rc4 Re2+ 53.Kf1 Rxb2 54.Rc3+ Kf4 55.Bc2 Rb5 56.Kf2 Bd5 57.Bd1 g4
58.Be2 Rb2 59.Rxc5 g3+  0-1

[Event "60th ch-RUS Superfinal"]
[Site "Moscow RUS"]
[Date "2007.12.24"]
[Round "6"]
[White "Dreev,A"]
[Black "Jakovenko,D"]
[Result "1-0"]
[WhiteElo "2607"]
[BlackElo "2710"]

1.d4 Nf6 2.c4 e6 3.Nc3 Bb4 4.Qc2 O-O 5.a3 Bxc3+ 6.Qxc3 b6 7.Bg5 Bb7 8.e3 d6
9.Qc2 Nbd7 10.Rd1 Rc8 11.Ne2 c5 12.Nc3 cxd4 13.Rxd4 Rc5 14.Bh4 Qa8 15.Be2 d5
16.Qd1 e5 17.Rd2 d4 18.exd4 exd4 19.Rxd4 Bxg2 20.Rg1 Bh3 21.Rd6 Rc6 22.Qd4 Rxd6
23.Qxd6 Be6 24.Qd4 Kh8 25.f3 Rg8 26.Kf2 Bf5 27.Nb5 Bg6 28.Nd6 Qf8 29.Re1 Ne8
30.Nc8 Nef6 31.Nd6 Ne8 32.Nxe8 Qxe8 33.Bd3 Qc8 34.Bxg6 fxg6 35.Re7 Nc5 36.b4 Ne6
37.Qe4 Re8 38.Qb7 Nd4 39.Bf6 Nf5 40.Rxg7 Qxb7 41.Rxb7+ Kg8 42.Rxa7 Rc8 43.c5 bxc5
44.b5 Nd6 45.a4  1-0